000 00612cam a2200193 a 4500
001 000019041
005 20200929165916.0
008 771001s1916 nyua 000 1 eng d
040 _aDO-SdBNP
_beng
_cLC
_dBNPHU
082 _a813.4
_bD273b
100 1 _aDay, Holman,
_d1865-1935.
_940966
245 1 0 _aBlow the man down :
_ba romance of the coast /
_cHolman Day.
260 _aNew York :
_bHarper & Brothers Publishers,
_c1916.
300 _a461 p. :
_bil. ;
_c20 cm.
650 4 _aNovela estadounidense
_9262
650 4 _aLiteratura estadounidense
_9263
910 _aCatalogación derivada / LC
049 _aBNGR
999 _c18559
_d18559